[Event "IX Miquel Mas de Figueres Open"]
[Site "Castell de Sant Ferran ESP"]
[Date "2008.08.03"]
[Round "2"]
[White "Alonso Jimenez,Jo"]
[Black "Delchev,A"]
[Result "0-1"]
[WhiteElo "2075"]
[BlackElo "2618"]

1.e4 c5 2.Nf3 e6 3.d4 cxd4 4.Nxd4 Nc6 5.Nc3 Qc7 6.Be2 a6 7.O-O Nf6 8.Kh1 Nxd4
9.Qxd4 Bc5 10.Qd3 b5 11.a3 Bb7 12.f4 h5 13.Be3 Ng4 14.Bxc5 Qxc5 15.Rad1 O-O-O
16.Qd6 Qxd6 17.Rxd6 Kc7 18.Rd3 g6 19.Bf3 d6 20.Kg1 Rd7 21.h3 Nh6 22.Ne2 e5
23.fxe5 dxe5 24.Rfd1 Rxd3 25.Rxd3 f6 26.Kf2 Nf7 27.b3 Nd6 28.Nc3 Bc6 29.Ke3 Kd7
30.g3 Ke7 31.Nd5+ Bxd5 32.Rxd5 Rc8 33.Kd3 Ke6 34.g4 hxg4 35.hxg4 Rc7 36.Bg2 Nb7
37.c4 bxc4+ 38.bxc4 Nc5+ 39.Kc3 a5 40.Rd2 Rb7 41.Rd5 Na4+  0-1

[Event "IX Miquel Mas de Figueres Open"]
[Site "Castell de Sant Ferran ESP"]
[Date "2008.08.03"]
[Round "3"]
[White "Sabria Batlle,P"]
[Black "Cuadras Avellana,Jo"]
[Result "1-0"]
[WhiteElo "2117"]
[BlackElo "2337"]

1.e4 c5 2.Nf3 e6 3.d4 cxd4 4.Nxd4 Nc6 5.Nc3 d6 6.Be2 Nf6 7.O-O Be7 8.Be3 O-O
9.f4 a6 10.Kh1 Qc7 11.Qe1 Re8 12.Qg3 Bd7 13.Rae1 Bf8 14.Bd3 Nh5 15.Qh4 g6
16.f5 exf5 17.Nd5 Qd8 18.Bg5 Qa5 19.Nb3 Qxa2 20.Ra1 Qxb2 21.Bf6 Nxf6 22.Nxf6+ Kg7
23.Nxd7 Rad8 24.Nxf8 Rxf8 25.exf5 f6 26.Rab1 Qc3 27.Rf3 g5 28.Qh5 Rde8 29.Rbf1 Rf7
30.h4 gxh4 31.Qxh4 Rfe7 32.Bc4 Re3 33.Be6 Qe5 34.Rxe3 Qxe3 35.Rf3  1-0

[Event "83rd ch-ARG"]
[Site "La Plata ARG"]
[Date "2008.08.03"]
[Round "5"]
[White "Felgaer,R"]
[Black "Kovalyov,A"]
[Result "0-1"]
[WhiteElo "2566"]
[BlackElo "2548"]

1.e4 c5 2.Nc3 Nc6 3.Nge2 e6 4.d4 cxd4 5.Nxd4 a6 6.Be2 Nge7 7.Bf4 Ng6 8.Bg3 Be7
9.O-O O-O 10.a4 d6 11.Nb3 b6 12.Qd2 Ra7 13.Rad1 Rd7 14.f4 Bb7 15.Kh1 Re8
16.Bg4 Nf8 17.Qf2 Bf6 18.Qd2 Qc7 19.Qe3 Rdd8 20.Bf2 Nd7 21.Bg3 Bc8 22.Bf3 Be7
23.Rd2 Nc5 24.Rfd1 Bb7 25.f5 Ne5 26.fxe6 Nxe6 27.Re2 Nc4 28.Qc1 Bf6 29.Nd5 Bxd5
30.exd5 Bxb2 31.Qb1 Ng5 32.Rxe8+ Rxe8 33.Re1 Rxe1+ 34.Qxe1 Ne5 35.Qe2 h6
36.Be4 Qd7 37.h4 Nxe4 38.Qxe4 b5 39.axb5 Qxb5 40.Nd2 Bc3 41.Nf3 Qf1+ 42.Kh2 Qc4
43.Qf5 g6 44.Nxe5 Bxe5 45.Qh3  0-1

[Event "GM Valoz Cup"]
[Site "Olomouc CZE"]
[Date "2008.08.03"]
[Round "5"]
[White "Petr,Ma"]
[Black "Stefansson,H"]
[Result "1/2-1/2"]
[WhiteElo "2451"]
[BlackElo "2566"]

1.e4 c5 2.Nf3 e6 3.d4 cxd4 4.Nxd4 Nc6 5.Nc3 Qc7 6.Be3 a6 7.Qd2 Nf6 8.O-O-O Be7
9.f3 h5 10.Nb3 d6 11.Kb1 Rb8 12.Qf2 b5 13.g3 Ne5 14.h3 Nc4 15.Bxc4 bxc4 16.Nd4 d5
17.exd5 Qb6 18.b3 cxb3 19.axb3 Qa5 20.Nc6 Qxc3 21.Bd4 Rxb3+ 22.cxb3 Qxb3+
23.Bb2 Nxd5 24.Nxe7 Nc3+ 25.Kc1 Bb7 26.Qa7 Na2+ 27.Kb1 Nc3+  1/2-1/2

[Event "17th Open"]
[Site "Kavala GRE"]
[Date "2008.08.04"]
[Round "6"]
[White "Oleksienko,M"]
[Black "Papin,V"]
[Result "1/2-1/2"]
[WhiteElo "2588"]
[BlackElo "2479"]

1.e4 c5 2.Nf3 e6 3.d4 cxd4 4.Nxd4 Nc6 5.Nc3 Qc7 6.Be2 Nf6 7.O-O Be7 8.Kh1 O-O
9.f4 d6 10.Be3 Nxd4 11.Qxd4 b6 12.Bf3 Bb7 13.Rad1 Rac8 14.Qd2 d5 15.e5 Ne4
16.Bxe4 dxe4 17.Bd4 f5 18.exf6 Bxf6 19.Bxf6 Rxf6 20.Qd7 Ba6 21.Qxc7 Rxc7
22.Rfe1 Rxf4 23.Kg1 Bb7 24.Rd2 h6 25.Nd1 Kf7 26.Ne3 Ke7 27.Red1 Bc6 28.Rf2 Rxf2
29.Kxf2 Rc8 30.Rd2 b5 31.a3 a6 32.Ke2 Rb8 33.Nd1 Rf8 34.Nc3 Rf5 35.Ke3 Rf1
36.Rd1 Rf5 37.Rd2 Rf1 38.Rd1 Rf5 39.Rd2  1/2-1/2

[Event "Arctic Chess Challenge"]
[Site "Tromso NOR"]
[Date "2008.08.04"]
[Round "3"]
[White "Tofte,S"]
[Black "Jacobsen,Mad"]
[Result "1-0"]
[WhiteElo "2122"]
[BlackElo "1831"]

1.e4 c5 2.Nf3 e6 3.d4 cxd4 4.Nxd4 Nc6 5.Nc3 a6 6.Be3 Qc7 7.Qd2 Nf6 8.f4 Bb4
9.Bd3 d5 10.e5 Nd7 11.O-O Nxd4 12.Bxd4 Bc5 13.Qf2 b5 14.Rae1 Bxd4 15.Qxd4 Qc5
16.Ne2 Bb7 17.f5 Rc8 18.Rf2 Qxd4 19.Nxd4 Ke7 20.c3 Nb6 21.fxe6 fxe6 22.Ref1 Rcf8
23.Rxf8 Rxf8 24.Rxf8 Kxf8 25.Nxe6+ Kg8 26.Nc5 Bc8 27.Kf2 Nd7 28.Nxd7 Bxd7
29.Ke3 g6 30.Kd4 Kf7 31.Kxd5 Be6+ 32.Kd6 Bxa2 33.b4 Bb3 34.Be4 Ba4 35.e6+ Ke8
36.Bc6+  1-0

[Event "Najdorf Memorial Open"]
[Site "Warsaw POL"]
[Date "2008.08.04"]
[Round "3"]
[White "Piorun,K"]
[Black "Savchenko,S"]
[Result "1/2-1/2"]
[WhiteElo "2445"]
[BlackElo "2557"]

1.e4 c5 2.Nf3 Nc6 3.d4 cxd4 4.Nxd4 e6 5.Nc3 a6 6.Nxc6 bxc6 7.Bd3 d5 8.O-O Nf6
9.Qe2 Be7 10.b3 O-O 11.Bb2 Bb7 12.Na4 c5 13.e5 Nd7 14.c4 d4 15.Rae1 g6 16.Bc1 Bg5
17.f4 Bh6 18.Be4 Bxe4 19.Qxe4 a5  1/2-1/2

[Event "IX Miquel Mas de Figueres Open"]
[Site "Castell de Sant Ferran ESP"]
[Date "2008.08.05"]
[Round "5"]
[White "Cuadras Avellana,Jo"]
[Black "Parals Marce,L"]
[Result "1-0"]
[WhiteElo "2337"]
[BlackElo "2129"]

1.e4 c5 2.Nc3 Nc6 3.Nf3 e6 4.d4 cxd4 5.Nxd4 a6 6.Nxc6 bxc6 7.Bd3 e5 8.O-O Nf6
9.Kh1 d6 10.f4 Be7 11.Qf3 Qc7 12.fxe5 dxe5 13.Nd1 Bg4 14.Qg3 h5 15.Ne3 h4
16.Qe1 Be6 17.Nf5 Bxf5 18.Rxf5 g6 19.Rf1 Nh5 20.Be3 g5 21.Bc4 Nf4 22.Qc3 f6
23.Rad1 a5 24.Bxf4 exf4 25.e5 fxe5 26.Qd3 Rh6 27.Qf5 Rf6 28.Qxg5 Rd8 29.Qh5+  1-0

[Event "8th United Insurance"]
[Site "Dhaka BAN"]
[Date "2008.08.05"]
[Round "9"]
[White "Ali,MdI"]
[Black "Monir,A"]
[Result "0-1"]
[WhiteElo "2172"]
[BlackElo "2172"]

1.e4 c5 2.Nf3 Nc6 3.d4 cxd4 4.Nxd4 e6 5.Nc3 Bb4 6.Nb5 a6 7.Nd6+ Bxd6 8.Qxd6 Qe7
9.Bf4 Nf6 10.O-O-O b5 11.f3 O-O 12.Qxe7 Nxe7 13.Bd6 Re8 14.g4 Bb7 15.Be2 Ng6
16.h4 e5 17.Rhe1 Nf4 18.Bf1 Bc6 19.Ne2 Ng6 20.Ng3 h6 21.Nf5 Nh7 22.h5 Ngf8
23.Re3 f6 24.Rc3 Ng5 25.Ne7+ Kh8 26.Nxc6 dxc6 27.Bxf8 Rxf8 28.Be2 Ne6 29.Rxc6 Nd4
30.Rxd4 exd4 31.a4 bxa4 32.Bxa6 Rfb8 33.f4 Rb4 34.Bc4 Rab8 35.Kd2 Rxb2 36.Ra6 R2b4
37.Kd3 Rc8 38.Be6 Rd8 39.Bf7 Rdb8 40.Rd6 Ra8 41.Bd5 Rc8 42.Ra6 Kh7 43.e5 Rc3+
44.Kd2 fxe5 45.Ra8 g5 46.Ra7+ Kh8 47.fxe5 Rc5 48.Ra8+ Kg7 49.Rg8+ Kh7 50.Rd8 Rbb5
51.Be4+ Kg7 52.Rxd4 a3 53.Rd7+ Kf8 54.e6 Re5 55.Bd3 a2 56.Ra7 Rbd5 57.Rxa2 Rxe6
58.Ra4 Kg7 59.Kc1 Red6 60.Kd2 Rd4 61.Ra7+ Kf6 62.Rh7 Ke5 63.Ke3 Rxg4 64.Bg6 Rg3+
65.Kf2 Rc3 66.Rxh6 Rxc2+ 67.Kf3 Rc3+ 68.Ke2 Ra6 69.Rh8 Ra2+ 70.Kd1 Rg3 71.Re8+ Kf4
72.Bc2 Rg1+ 73.Kd2 Rg2+ 74.Kd3 Rgxc2 75.Rf8+ Kg4 76.h6 Rh2  0-1

[Event "95th ch-GBR"]
[Site "Liverpool ENG"]
[Date "2008.08.05"]
[Round "8"]
[White "Kett,T"]
[Black "Auckland,E"]
[Result "1-0"]
[WhiteElo "2247"]
[BlackElo "1990"]

1.e4 c5 2.Nf3 e6 3.d4 cxd4 4.Nxd4 Nc6 5.Nc3 a6 6.Be2 d6 7.O-O Be7 8.Kh1 Nf6
9.f4 O-O 10.Bf3 Qc7 11.Be3 Na5 12.Qd3 Bd7 13.Rad1 Rac8 14.g4 Nc4 15.Bc1 g6
16.g5 Ne8 17.b3 Ne3 18.Qxe3 Qxc3 19.Qxc3 Rxc3 20.Bd2 Rc8 21.Bb4 a5 22.Bxa5 e5
23.fxe5 dxe5 24.Nf5 Bxf5 25.exf5 gxf5 26.Rd7 Bd6 27.Bxb7 Rxc2 28.Rxf5 Rxa2
29.Bc3 Rc2 30.Rf3 e4 31.Bxe4 Rxh2+ 32.Kg1 Rh5 33.Bd2 Bc5+ 34.Kf1 Nd6 35.Bd5 Rh2
36.Bf4 Rh1+ 37.Kg2 Rg1+ 38.Kh2 Rd1 39.Bxd6 Rxd5 40.Bxf8 Rxd7 41.Bxc5 Kg7
42.b4 Rb7 43.Rf6 Rc7 44.Kg3 Rd7 45.Rd6 Rb7 46.Bd4+ Kf8 47.Bf6 Rb8 48.Rd8+  1-0

[Event "XVII TCh-MKD"]
[Site "Struga MKD"]
[Date "2008.08.05"]
[Round "2"]
[White "Filev,G"]
[Black "Inarkiev,E"]
[Result "0-1"]
[WhiteElo "2395"]
[BlackElo "2675"]

1.e4 c5 2.Nf3 Nc6 3.d4 cxd4 4.Nxd4 e6 5.Nc3 d6 6.Be2 Nf6 7.O-O Be7 8.Be3 O-O
9.f4 a6 10.Qe1 Bd7 11.Qg3 b5 12.a3 Nxd4 13.Bxd4 Bc6 14.Kh1 Qd7 15.Rad1 Qb7
16.Bf3 Rac8 17.Rfe1 g6 18.Qf2 Rfd8 19.Rd3 d5 20.e5 Ne4 21.Qe3 b4 22.axb4 Bxb4
23.Rdd1 a5 24.Rg1 a4 25.Nxe4 dxe4 26.Be2 Rd7 27.c3 Ba5 28.c4 Rcd8 29.Bc3 Bxc3
30.Qxc3 e3 31.Rxd7 Rxd7 32.Qxe3 Qxb2 33.Bf3 Bxf3 34.Qxf3 a3 35.Qa8+ Kg7 36.c5 Qc3
37.c6 Rd3 38.Qa6 Rd4 39.Rf1 Qc4 40.Qxc4 Rxc4 41.h3 Rxc6 42.Ra1 Rc3 43.Kg1 h5
44.h4 Kf8 45.Ra2 Rb3 46.Kh2 Ke7 47.Rd2 Rb4 48.Kg3 Ra4 49.Ra2 Kd7 50.Kf3 Kc6
51.Ke3 Kd5  0-1

[Event "FSIMA August"]
[Site "Budapest HUN"]
[Date "2008.08.06"]
[Round "5"]
[White "Lorand,N"]
[Black "Beck,F"]
[Result "0-1"]
[WhiteElo "2273"]
[BlackElo "2335"]

1.e4 c5 2.Nf3 e6 3.d4 cxd4 4.Nxd4 Nc6 5.Nc3 Qc7 6.Be3 a6 7.Qd2 Nf6 8.O-O-O Be7
9.f3 O-O 10.g4 Rd8 11.g5 Nh5 12.Nb3 b5 13.f4 d5 14.e5 d4 15.Nxd4 Nxd4 16.Bxd4 Bb7
17.Rg1 Rxd4 18.Qxd4 Bc5 19.Qd7 Qxd7 20.Rxd7 Bxg1 21.Rxb7 Bxh2 22.f5 Bf4+
23.Kb1 Bxe5 24.a4 Bxc3 25.bxc3 exf5 26.axb5 axb5 27.Bxb5 Nf4 28.Bd7 Ne6 29.Rb5 Rd8
30.Bc6 g6 31.Bb7 Nxg5 32.c4 Ne4 33.Rb4 h5 34.Kb2 h4 35.Bxe4 fxe4 36.c5 f5
37.Kc3 h3 38.Rb1 Kf7 39.Rh1 e3 40.c6 f4 41.Rxh3 e2 42.Rh1 Rd1 43.Rh7+ Kg8  0-1

[Event "IX Miquel Mas de Figueres Open"]
[Site "Castell de Sant Ferran ESP"]
[Date "2008.08.06"]
[Round "6"]
[White "Vidal Zamora,A"]
[Black "Djingarova,E"]
[Result "1/2-1/2"]
[WhiteElo "2014"]
[BlackElo "2305"]

1.e4 c5 2.Nf3 e6 3.d4 cxd4 4.Nxd4 Nc6 5.Nc3 Qc7 6.Be2 a6 7.O-O Nf6 8.Be3 Bb4
9.Bd3 O-O 10.f4 Nxd4 11.Bxd4 Bc5 12.Bxc5 Qxc5+ 13.Kh1 d6 14.Qf3 Bd7 15.Rae1 Bc6
16.Qg3 e5 17.fxe5 Qxe5 18.Qh4 Qh5 19.Qg3 Qe5 20.Qh4 Qh5 21.Qg3  1/2-1/2

[Event "US Open"]
[Site "Dallas USA"]
[Date "2008.08.06"]
[Round "5"]
[White "Goldstein,B"]
[Black "Terrie,H"]
[Result "1/2-1/2"]
[WhiteElo "2130"]
[BlackElo "2060"]

1.e4 c5 2.Nf3 e6 3.Nc3 Nc6 4.d4 cxd4 5.Nxd4 Qc7 6.Be3 a6 7.Bd3 Nf6 8.O-O Ne5
9.Nf3 Nfg4 10.Nxe5 Nxe3 11.Qh5 g6 12.Qf3 Qxe5 13.fxe3 f6 14.Qxf6 Qxf6 15.Rxf6 Bg7
16.Rf3 d6 17.Na4 Bd7 18.Nb6 Rd8 19.c3 Bc6 20.Raf1 Rf8 21.Rh3 Rxf1+ 22.Kxf1 h6
23.Ke2 Ke7 24.Nc4 b5 25.Na5 Be8 26.Rf3 Rc8 27.Rf1 Rc5 28.Nb3 Rh5 29.h3 Rg5
30.Rf2 Be5 31.Kf1 Bg3 32.Rd2 Bc6 33.Nd4 Bb7 34.Ne2 Be5 35.Nf4 h5 36.h4 Rg4
37.Be2 Rxf4+ 38.exf4 Bxf4 39.Rd4 Be3 40.Rd3 Bc1 41.b3 Bxe4 42.Rd4 d5 43.Rd1 Be3
44.Bd3 Bf5 45.Bxf5 gxf5 46.Ke2 Bc5 47.Rd3  1/2-1/2

[Event "8th United Insurance"]
[Site "Dhaka BAN"]
[Date "2008.08.06"]
[Round "10"]
[White "Minhazuddin,A"]
[Black "Himanshu,Sh"]
[Result "1-0"]
[WhiteElo "2339"]
[BlackElo "2423"]

1.e4 c5 2.Nf3 Nc6 3.d4 cxd4 4.Nxd4 e6 5.Nc3 Qc7 6.Be2 a6 7.O-O Nf6 8.Be3 Bb4
9.Na4 Be7 10.Nxc6 bxc6 11.Nb6 Rb8 12.Nxc8 Qxc8 13.Bd4 c5 14.Be5 Rb6 15.Qd3 d6
16.Bc3 O-O 17.b3 Nd7 18.Rad1 Bf6 19.Ba5 Rc6 20.Qg3 Qb8 21.f4 Qc8 22.Kh1 Qe8
23.Rd2 e5 24.f5 Bd8 25.Bc3 Nf6 26.Qf3 Qe7 27.Bc4 Bc7 28.Qe2 Bb8 29.Rd3 Kh8
30.g4 Ne8 31.Rh3 Qd8 32.Bd5 Rc8 33.Bd2 Kg8 34.g5 g6 35.fxg6 hxg6 36.Qf2 Qd7
37.Qh4  1-0

[Event "XVII TCh-MKD"]
[Site "Struga MKD"]
[Date "2008.08.06"]
[Round "3"]
[White "Gjorgjiev,Go"]
[Black "Petrovski,I"]
[Result "0-1"]
[WhiteElo "2147"]
[BlackElo "1836"]

1.e4 c5 2.Nf3 e6 3.d4 cxd4 4.Nxd4 Nc6 5.Nc3 Qc7 6.Be3 a6 7.Bd3 Nf6 8.f4 d6
9.O-O Be7 10.Qf3 O-O 11.Nxc6 bxc6 12.Qg3 g6 13.f5 Nh5 14.Qf3 Bf6 15.Bh6 Ng7
16.e5 Bxe5 17.f6 Nf5 18.Bxf8 Kxf8 19.g4 Qb6+ 20.Kh1 Ne3 21.Rfe1 Qxb2 22.Qxe3 Qxc3
23.Qh6+ Ke8 24.Qxh7 Bxf6 25.Rab1 Qd4 26.Be4 d5 27.Bf3 Ke7 28.Rf1 Bd7 29.Qh3 e5
30.Qg3 e4 31.Be2 Rh8 32.h3 Be5 33.Qg2 Qc3 34.Rb3 Qxc2 35.Bxa6 Qxg2+ 36.Kxg2 f5
37.gxf5 gxf5 38.Bb7 f4 39.Rc1 f3+ 40.Kg1 Rxh3 41.Rb4 c5 42.Rxc5 Bd6 43.Rbb5 Bxb5
44.Rxb5 e3 45.Bxd5 Rg3+ 46.Kh1 f2  0-1

[Event "Najdorf Memorial Open"]
[Site "Warsaw POL"]
[Date "2008.08.06"]
[Round "5"]
[White "Warakomski,T"]
[Black "Dziuba,M"]
[Result "1-0"]
[WhiteElo "2502"]
[BlackElo "2570"]

1.e4 c5 2.Nf3 e6 3.d4 cxd4 4.Nxd4 Nc6 5.Nc3 Qc7 6.Ndb5 Qb8 7.f4 a6 8.Nd4 Qc7
9.Be3 b5 10.Nxc6 Qxc6 11.Bd3 Bb7 12.Qe2 b4 13.Nb1 Bc5 14.Nd2 Ne7 15.Nc4 Bxe3
16.Qxe3 O-O 17.Na5 Qc7 18.Nxb7 Qxb7 19.e5 f5 20.exf6 Rxf6 21.O-O-O Raf8 22.g3 a5
23.Qc5 d5 24.Rhe1 Rc8 25.Qxa5 Nc6 26.Qa6 Qc7 27.Re2 Kh8 28.Qa4 Qb6 29.Qa6 Qc7
30.Qa4 Qb6 31.Kb1 Nd4 32.Red2 Rf7 33.Ba6 Ra7 34.Rxd4 Rxa6 35.Qxb4 Qa7 36.Qb3 h6
37.a3 Rb6 38.Rb4 Rbc6 39.c3 Qf2 40.Qc2 Qf3 41.Qd3 Qh5 42.Rd2 Qf7 43.f5 exf5
44.Qxd5 Re6 45.Re2 Rce8 46.Rf4 g6 47.Rxe6 Rxe6 48.Ka2 h5 49.a4 Kh7 50.Rb4 Qf6
51.a5 Re5 52.Rb7+ Kh6 53.Qd2+ g5 54.c4 Re6 55.h4 f4 56.hxg5+ Qxg5 57.gxf4  1-0

[Event "Najdorf Memorial Open"]
[Site "Warsaw POL"]
[Date "2008.08.06"]
[Round "5"]
[White "Vovk,Y"]
[Black "Warszawski,B"]
[Result "1-0"]
[WhiteElo "2549"]
[BlackElo "2277"]

1.e4 c5 2.Nf3 e6 3.d4 cxd4 4.Nxd4 Nc6 5.Nc3 Qc7 6.Be3 a6 7.Qd2 Nf6 8.O-O-O Bb4
9.f3 b5 10.Bf4 Ne5 11.Nc6 Qxc6 12.Bxe5 Be7 13.g4 O-O 14.g5 Nh5 15.Ne2 Qc5
16.f4 Bb7 17.Ng3 Nxg3 18.hxg3 Rac8 19.Bd3 Bxg5 20.Bd6 Qxd6 21.e5 Qxe5 22.Bxh7+ Kh8
23.Be4+ Kg8 24.Bh7+ Kh8 25.Be4+ Kg8 26.Bxb7 Rc7 27.Kb1 Qf5 28.Qg2 d5 29.Bxd5 exd5
30.Rxd5 Qe6 31.fxg5 Rfc8 32.Qh2 Kf8 33.Rd2 Qe4 34.Re2  1-0

[Event "US Open"]
[Site "Dallas USA"]
[Date "2008.08.07"]
[Round "6"]
[White "Dejmek,M"]
[Black "Shabalov,A"]
[Result "0-1"]
[WhiteElo "2136"]
[BlackElo "2611"]

1.e4 c5 2.Nf3 Nc6 3.Nc3 e6 4.d4 cxd4 5.Nxd4 Qc7 6.Be3 a6 7.Qd2 Nf6 8.O-O-O Bb4
9.f3 Ne7 10.Nde2 d5 11.e5 Nd7 12.f4 b5 13.Qe1 Ba5 14.Qf2 Bb7 15.Bd4 Rc8 16.Ng3 Nc6
17.Bxb5 axb5 18.Nxb5 Qb8 19.Nd6+ Ke7 20.Nh5 Nxd4 21.Rxd4 Bb6 22.Qh4+ Kf8
23.Rb4 Qc7 24.c3 Rg8 25.Nxc8 Bxc8 26.Kb1 Bc5 27.f5 Nxe5 28.fxe6 g5 29.Qg3 Bxe6
30.Ra4 Ke7 31.Rf1 Rg6 32.h4 h6 33.hxg5 Rxg5 34.Qh2 Qb6 35.Nf6 Qb5 36.Raf4 Nd3
37.b3 Nxf4 38.Qxf4 Qd3+ 39.Ka1 Qxc3+  0-1

[Event "17th Open"]
[Site "Kavala GRE"]
[Date "2008.08.07"]
[Round "9"]
[White "Kryvoruchko,Y"]
[Black "Bosiocic,Mari"]
[Result "1-0"]
[WhiteElo "2628"]
[BlackElo "2540"]

1.e4 c5 2.Nf3 e6 3.d4 cxd4 4.Nxd4 Nc6 5.Nc3 Qc7 6.Be3 a6 7.Qd2 Nf6 8.O-O-O Be7
9.f3 O-O 10.g4 b5 11.h4 Ne5 12.h5 Bb7 13.Bf4 b4 14.Nce2 Rac8 15.g5 Ne8 16.Kb1 Bd6
17.Bxe5 Bxe5 18.Qxb4 Nd6 19.Qc3 Nc4 20.Bg2 f5 21.gxf6 Rxf6 22.h6 Rg6 23.Bf1 gxh6
24.Bh3 Bg7 25.Qd3 Rb8 26.b3 Ba8 27.Rhg1 a5 28.Kc1 Ne5 29.Qe3 Qc5 30.f4 Nf7
31.e5 a4 32.Bg4 axb3 33.axb3 Bd5 34.Qc3 Qe7 35.Bh5 Rxg1 36.Rxg1 Kh8 37.Qg3 Rg8
38.Nc3 Ba8 39.Ncb5 Qf8 40.Kb1 Qe7 41.Qg4 Nd8 42.Nd6 Bb7 43.N4b5 Ba6 44.Nc7 Bb7
45.Nce8  1-0

[Event "12th HZ Open"]
[Site "Vlissingen NED"]
[Date "2008.08.07"]
[Round "7"]
[White "Stange,S"]
[Black "Duijker,R"]
[Result "0-1"]
[WhiteElo "2137"]
[BlackElo "2220"]

1.e4 c5 2.Nf3 Nc6 3.Nc3 e6 4.d4 cxd4 5.Nxd4 Bc5 6.Nb3 Bb6 7.Be2 Nge7 8.Nb5 O-O
9.c4 Na5 10.Nxa5 Bxa5+ 11.Bd2 f5 12.b4 Bc7 13.Nxc7 Qxc7 14.exf5 Nxf5 15.O-O b6
16.Bf3 Bb7 17.Bxb7 Qxb7 18.Qe2 Rf6 19.f3 Raf8 20.Rae1 Rc8 21.Bc3 Rf7 22.Be5 Qc6
23.Rc1 d6 24.Bb2 Re7 25.Rfe1 Qe8 26.Qe4 Qg6 27.Rc2 Rd8 28.Rd2 Kf7 29.Qg4 Qxg4
30.fxg4 Nh4 31.Red1 Red7 32.Rf1+ Kg8 33.Re1 e5 34.Red1 Ng6 35.g3 Kf7 36.Kf2 Ke6
37.Ke3 Ne7 38.Ke4 Rc8 39.Rc1 Rdc7 40.Rdc2 Ng8 41.g5 b5 42.c5 d5+ 43.Ke3 Ne7
44.g4 Nc6 45.a3 Rf8 46.Rf2 Rxf2 47.Kxf2 Rf7+ 48.Ke2 d4 49.Rd1 Kd5 50.Rd3 g6
51.Rh3 a6 52.Rh6 e4 53.h4 e3 54.Bc1 Ke4 55.h5 Ne5 56.c6 Rf2+ 57.Ke1 Nd3+
58.Kd1 Rf1+ 59.Ke2 Re1+  0-1

[Event "Najdorf Memorial Open"]
[Site "Warsaw POL"]
[Date "2008.08.07"]
[Round "6"]
[White "Zhigalko,A"]
[Black "Protaziuk,G"]
[Result "1-0"]
[WhiteElo "2551"]
[BlackElo "2328"]

1.e4 c5 2.Nf3 e6 3.d4 cxd4 4.Nxd4 Nc6 5.Nc3 Qc7 6.Be3 a6 7.Qd2 Nf6 8.O-O-O Be7
9.f3 h5 10.Nxc6 dxc6 11.Qf2 Nd7 12.Qg3 Qa5 13.Qxg7 Bf6 14.Qg3 b5 15.Qd6 b4
16.Nb1 Qxa2 17.Bd4 Bxd4 18.Qxd4 Rg8 19.Qxb4 Rb8 20.Qa3 Qxa3 21.Nxa3 Ne5 22.Rd2 h4
23.f4 Nd7 24.Nc4 Rg4 25.Rf2 c5 26.Be2 Rg8 27.Rd1 Ke7 28.Bf3 Rb4 29.b3 Nb6
30.Na5 Bd7 31.c3 Rb5 32.Ra2 Nc8 33.e5 Na7 34.Rd6 c4 35.bxc4 Rc5 36.Rxa6 Nc8
37.Rd2 Rc7 38.Kb2 Rd8 39.Ka3 Be8 40.Rd4 h3 41.gxh3 Rxd4 42.cxd4 Bb5 43.cxb5 Rc3+
44.Kb4 Rxf3 45.b6 Nxb6 46.Rxb6 Rxf4 47.Kc5  1-0

[Event "XXXIV Open"]
[Site "Badalona ESP"]
[Date "2008.08.08"]
[Round "8"]
[White "Vehi Bach,V"]
[Black "Pile,R"]
[Result "1/2-1/2"]
[WhiteElo "2411"]
[BlackElo "2336"]

1.e4 c5 2.Nf3 e6 3.d4 cxd4 4.Nxd4 Nc6 5.Nc3 Qc7 6.Be3 a6 7.Qd2 Nf6 8.O-O-O Bb4
9.f3 Ne5 10.Nb3 d5 11.Bd4 O-O 12.Kb1 dxe4 13.Qf4 Bd6 14.Nxe4 Nxe4 15.Qxe4 Nc6
16.Bb6 Qxb6 17.Rxd6 Rd8 18.Rxd8+ Qxd8 19.Bd3 g6 20.h4 a5 21.a3 Qd5 22.Qxd5 exd5
23.Re1 Kf8 24.Bb5 Be6 25.Rd1 Na7 26.Bf1 Nc6 27.Bb5 Na7 28.Be2 Nc6 29.Nc5 b6
30.Na4 Rb8 31.Nc3 Ne7 32.g4 h5 33.gxh5 gxh5 34.Bd3 Rd8 35.Ne2 Bf5 36.Nf4 Ng6
37.Nxh5 Nxh4 38.Nf4 Ng6 39.Nxg6+ Bxg6 40.Bxg6 fxg6 41.c4 Ke7 42.cxd5 Kf6
43.Kc2 Ke5 44.Re1+ Kf4 45.Re6 b5 46.Rxg6 Rxd5 47.Rf6+ Ke3 48.Rf8 Rc5+ 49.Kb3 Rc4
50.Rb8 a4+ 51.Ka2 Rc5 52.Rf8 Rc4 53.Rf5 b4 54.axb4 Rxb4 55.Rf8 Kf2 56.Ka3 Rb3+
57.Ka2 Rb4 58.Rc8 Kxf3 59.Rc3+ Ke4 60.Ka3 Rd4 61.Rc8 Kd3 62.Ra8 Kc2 63.Rxa4 Rxa4+
64.Kxa4 Kxb2  1/2-1/2

[Event "FSGM August"]
[Site "Budapest HUN"]
[Date "2008.08.08"]
[Round "7"]
[White "Hansen,TR"]
[Black "Genutis,M"]
[Result "1-0"]
[WhiteElo "2423"]
[BlackElo "2317"]

1.e4 c5 2.Nf3 e6 3.d4 cxd4 4.Nxd4 Nc6 5.Nc3 Qc7 6.Be3 a6 7.Qd2 Nf6 8.O-O-O Bb4
9.f3 Ne5 10.Nb3 b5 11.Kb1 Be7 12.Qf2 O-O 13.g4 Bb7 14.g5 Nh5 15.Bb6 Qc8 16.Bd4 Ng6
17.h4 Bc6 18.Bh3 a5 19.Bg4 Ngf4 20.Nc1 f5 21.exf5 exf5 22.Bxh5 Nxh5 23.Rhe1 Re8
24.Nd3 b4 25.Ne2 a4 26.Ng3 Nxg3 27.Qxg3 b3 28.c4 bxa2+ 29.Ka1 a3 30.h5 axb2+
31.Bxb2 Ba3 32.Bd4 Qb7 33.h6 Rab8 34.Rxe8+ Rxe8 35.g6 d6 36.gxh7+ Kxh7 37.hxg7 Bxf3
38.g8=Q+ Rxg8 39.Qh4+ Kg6 40.Nf4+ Kf7 41.Qh7+ Ke8 42.Re1+ Kf8 43.Ne6+ Ke8
44.Nc5+ Kd8 45.Nxb7+ Bxb7 46.Bb6+  1-0

[Event "IX Miquel Mas de Figueres Open"]
[Site "Castell de Sant Ferran ESP"]
[Date "2008.08.08"]
[Round "8"]
[White "Sabria Batlle,P"]
[Black "Delchev,A"]
[Result "0-1"]
[WhiteElo "2117"]
[BlackElo "2618"]

1.e4 c5 2.Nf3 e6 3.d4 cxd4 4.Nxd4 Nc6 5.Nc3 Qc7 6.Be2 a6 7.O-O Nf6 8.Be3 Bb4
9.Na4 Be7 10.Nxc6 bxc6 11.Nb6 Rb8 12.Nxc8 Qxc8 13.e5 Nd5 14.Bc1 Bc5 15.c4 Ne7
16.Kh1 Qc7 17.f4 O-O 18.b3 a5 19.Bd3 d6 20.exd6 Qxd6 21.Bb2 Rbd8 22.Qg4 Bd4
23.Bxd4 Qxd4 24.Bxh7+ Kxh7 25.Qh4+ Kg8 26.Qxe7 a4 27.h3 Qe4 28.Qb4 Rd3 29.Kh2 axb3
30.axb3 Rfd8 31.Rae1 Qg6 32.Qb6 Qg3+ 33.Kh1 Rd2 34.Qxc6 R8d5 35.Rg1 Rh5 36.Qa8+ Kh7  0-1

[Event "83rd ch-ARG"]
[Site "La Plata ARG"]
[Date "2008.08.08"]
[Round "9"]
[White "Orsini,A"]
[Black "Kovalyov,A"]
[Result "0-1"]
[WhiteElo "2341"]
[BlackElo "2548"]

1.e4 c5 2.Nf3 e6 3.Nc3 Nc6 4.d4 cxd4 5.Nxd4 a6 6.Be2 Nge7 7.Bf4 Ng6 8.Nxc6 bxc6
9.Bd6 Bxd6 10.Qxd6 Qe7 11.O-O-O Qxd6 12.Rxd6 Ke7 13.Rhd1 Nf4 14.Bf3 Rb8 15.R6d2 e5
16.Na4 Rd8 17.Nc5 a5 18.Bg4 d5 19.Bxc8 Rdxc8 20.g3 Ne6 21.Nb3 a4 22.Na5 d4
23.Nc4 f6 24.a3 Rb5 25.Re2 Rcb8 26.Kb1 Rc5 27.Nd2 Nc7 28.Ree1 Nb5 29.Kc1 d3
30.c4 Nd4 31.Kb1 Nc2 32.Rg1 Nxa3+ 33.Ka2 Nxc4 34.Nxc4 Rxc4 35.Rxd3 Rc2 36.Rgd1 Rcxb2+
37.Ka3 R8b3+  0-1

[Event "XVII TCh-MKD"]
[Site "Struga MKD"]
[Date "2008.08.08"]
[Round "5"]
[White "Simeonov,S"]
[Black "Mitkov,M"]
[Result "0-1"]
[WhiteElo "2361"]
[BlackElo "2382"]

1.e4 c5 2.Nf3 e6 3.d4 cxd4 4.Nxd4 Nc6 5.Nc3 Qc7 6.g3 a6 7.Bg2 d6 8.O-O Bd7
9.Re1 Be7 10.h3 Nf6 11.b3 Rc8 12.Bb2 b5 13.a3 O-O 14.Nde2 Qb6 15.Nf4 Rfd8
16.Qd2 Ne5 17.Rad1 Bc6 18.Kh2 a5 19.Re2 Qb7 20.Qe1 Qa8 21.Ra1 a4 22.Rd1 axb3
23.cxb3 Nfd7 24.Nfd5 exd5 25.exd5 Bb7 26.f4 Bf8 27.fxe5 Nxe5 28.Ne4 f6 29.Qf2 Rc7
30.Rd4 Re8 31.Qf5 Qc8 32.Qh5 Qd7 33.Rf2 Qf7 34.Qe2 Bc8 35.Qxb5 Qh5 36.Kg1 Rb7
37.Qf1 Rxb3 38.g4 Bxg4 39.hxg4 Nxg4 40.Nxf6+ gxf6 41.Rxg4+ Qxg4 42.Bxf6 Bh6
43.Kh2 Qg3+ 44.Kh1 Rb1  0-1

[Event "12th HZ Open"]
[Site "Vlissingen NED"]
[Date "2008.08.08"]
[Round "8"]
[White "Nijboer,F"]
[Black "Diamant,A"]
[Result "1-0"]
[WhiteElo "2564"]
[BlackElo "2393"]

1.e4 c5 2.Nf3 e6 3.Nc3 Nc6 4.d4 cxd4 5.Nxd4 Qc7 6.Be3 a6 7.Qd2 Nf6 8.O-O-O Be7
9.f3 O-O 10.g4 Rd8 11.g5 Ne8 12.h4 b5 13.g6 fxg6 14.h5 gxh5 15.Rxh5 Nf6 16.Rg5 d6
17.Qg2 Ne8 18.Rh5 Nxd4 19.Rxd4 Bd7 20.Bd3 Nf6 21.Rg5 Bf8 22.e5 dxe5 23.Rh4 Bc6
24.Qh3 Rxd3 25.Qxe6+ Kh8 26.cxd3 Re8 27.Qb3 Bd5 28.Qc2 Rc8 29.d4 b4 30.dxe5 bxc3
31.b4 Qe7 32.Qd3 Be4 33.Rxe4 Nxe4 34.Qxe4 Qe6 35.Qg4 Qc6 36.e6 Qa4 37.e7 Qa3+
38.Kc2 Qxa2+ 39.Kd3 Qb1+ 40.Ke2 Qc2+ 41.Ke1 Qb1+ 42.Kf2 Qb2+  1-0

[Event "Najdorf Memorial Open"]
[Site "Warsaw POL"]
[Date "2008.08.08"]
[Round "7"]
[White "Tvarijonas,P"]
[Black "Gritsak,O"]
[Result "1/2-1/2"]
[WhiteElo "2285"]
[BlackElo "2522"]

1.e4 c5 2.Nf3 Nc6 3.d4 cxd4 4.Nxd4 e6 5.Nc3 d6 6.Be3 Nf6 7.Bd3 Be7 8.O-O O-O
9.h3 Nxd4 10.Bxd4 Bd7 11.Qe2 Bc6 12.Rad1 a6 13.e5 dxe5 14.Bxe5 Qa5 15.a3 Rfd8
16.Qe3 Nd7 17.Bf4 Rac8 18.b4 Qh5 19.Ne4 Nf8 20.Bh2 Ng6 21.c4 Qh6 22.Qxh6 gxh6
23.Bb1 Ba4 24.Rxd8+ Rxd8 25.c5 Rd4 26.Re1 Bc6 27.Nc3 Rc4 28.Ne2 Be4 29.Bxe4 Rxe4
30.Kf1 a5 31.Rb1 Nh4 32.Bd6 Nf5 33.Bxe7 Nxe7 34.bxa5 Ra4 35.Rxb7 Kf8 36.Rb8+ Kg7
37.Ra8 Kf6 38.a6 Nc6 39.Nc3 Rxa3 40.Nb5 Ra1+ 41.Ke2 Ke5 42.a7 Ra5 43.Nd6 Ra2+
44.Kf3 f5 45.Nf7+ Kf6 46.Nd8 Nxd8 47.Rxd8 Rxa7 48.Rc8 Ke5 49.Kg3 Rg7+ 50.Kf3 Ra7
51.Kg3 Rg7+  1/2-1/2

[Event "Open"]
[Site "Stare Mesto CZE"]
[Date "2008.08.09"]
[Round "2"]
[White "Kubis,I"]
[Black "Hrabusa,M"]
[Result "1-0"]
[WhiteElo "2024"]
[BlackElo "2246"]

1.e4 c5 2.Nf3 e6 3.d4 cxd4 4.Nxd4 Nc6 5.Nc3 a6 6.Be2 d6 7.Be3 Nf6 8.f4 Be7
9.O-O O-O 10.Bf3 Bd7 11.Qe1 Nxd4 12.Bxd4 Bc6 13.Rd1 Qc7 14.Qg3 b5 15.e5 dxe5
16.Bxe5 Qb6+ 17.Kh1 Bxf3 18.Rxf3 Rfd8 19.Rdf1 g6 20.Qg5 b4 21.Bxf6 Bxf6 22.Qxf6 bxc3
23.f5 Rd7 24.fxg6 fxg6 25.Rxc3 Re8 26.Rg3 Qc6 27.h4 Qxc2 28.h5 Qc7 29.Rxg6+ Rg7
30.Rxg7+ Qxg7 31.g4 Qb7+ 32.Kh2 e5 33.Kg3 e4 34.Qg5+ Kh8 35.Qf6+ Kg8 36.Rf5 Qc7+
37.Kh3 Qg7 38.Rg5  1-0